000 00311 a2200145 4500
001 170820
020 _a
040 _cMagnum
100 _aBrezina, Thomas
240 1 0 _aMinha irmãzinha e um monstro
_lpor
245 1 0 _aMinha irmãzinha e um monstro
362 0 _a2002
697 _aJ/FICCAO
942 _cBK
999 _c170820
_d170820